Statistics for Most expensive football transfers - Italian players

Click here to take the quiz!

General Stats

  • This quiz has been taken 28 times
  • The average score is 6 of 10

Answer Stats

Fee (M €)SeasonLeftJoinedPlayer% Correct
75,002018-2019SSC NapoliChelseaJorginho Jorginho
93%
64,002023-2024AC MilanNewcastleSandro Tonali
89%
45,002023-2024Paris SGAl-Arabi SCMarco Verratti
85%
52,882001-2002AC ParmaJuventusGianluigi Buffon
78%
44,602022-2023FiorentinaJuventusFederico Chiesa
74%
42,002017-2018JuventusAC MilanLeonardo Bonucci
70%
46,481999-2000LazioInterChristian Vieri
56%
36,402023-2024SassuoloJuventusManuel Locatelli
44%
40,002017-2018FiorentinaJuventusFederico Bernardeschi
33%
37,742018-2019JuventusAC MilanMattia Caldara
7%

Score Distribution

Percentile by Number Answered

Percent of People with Each Score

Your Score History

You have not taken this quiz